Statistiques concernant Solides de Johnson

Cliquez ici pour prendre le quiz!

Statistiques générales

  • Ce quiz a été pris 6 fois
  • Le résultat moyen est 33 sur 92

Statistiques - réponses

Answer % Correct
Pyramide pentagonale
100%
Pyramide carrée
100%
Sphénoméga-couronne
67%
Coupole hexagonale
67%
Coupole décagonale
67%
Coupole octogonale
67%
Icosaèdre tridiminué augmenté
33%
Icosaèdre métabidiminué
33%
Dodécaèdre triaugmenté
33%
Tétraèdre tronqué augmenté
33%
Icosaèdre tridiminué
33%
Cube tronqué biaugmenté
33%
Dodécaèdre tronqué parabiaugmenté
33%
Dodécaèdre tronqué augmenté
33%
Dodécaèdre métabiaugmenté
33%
Cube tronqué augmenté
33%
Prisme hexagonal métabiaugmenté
33%
Prisme pentagonal biaugmenté
33%
Prisme pentagonal augmenté
33%
Prisme triangulaire triaugmenté
33%
Prisme hexagonal augmenté
33%
Prisme hexagonal parabiaugmenté
33%
Dodécaèdre augmenté
33%
Prisme hexagonal triaugmenté
33%
Dodécaèdre tronqué métabiaugmenté
33%
Dodécaèdre parabiaugmenté
33%
Métabigyro-rhombicosidodécaèdre
33%
Sphéno-couronne
33%
Antiprisme carré adouci
33%
Disphénoïde adouci
33%
Rhombicosidodécaèdre tridiminué
33%
Sphéno-couronne augmentée
33%
Hébésphénoméga-couronne
33%
Hébésphéno-rotonde triangulaire
33%
Birotonde bilunaire
33%
Disphéno-ceinture
33%
Rhombicosidodécaèdre gyrobidiminué
33%
Rhombicosidodécaèdre métabidiminué
33%
Trigyro-rhombicosidodécaèdre
33%
Prisme triangulaire biaugmenté
33%
Parabigyro-rhombicosidodécaèdre
33%
Gyro-rhombicosidodécaèdre
33%
Rhombicosidodécaèdre diminué
33%
Rhombicosidodécaèdre paragyrodiminué
33%
Rhombicosidodécaèdre parabidiminué
33%
Rhombicosidodécaèdre bigyrodiminué
33%
Rhombicosidodécaèdre métagyrodiminué
33%
Dodécaèdre tronqué triaugmenté
33%
Bicoupole décagonale gyroallongée
33%
Coupole décagonale allongée
33%
Coupole octogonale allongée
33%
Coupole hexagonale allongée
33%
Diamant carré gyroallongé
33%
Rotonde décagonale allongée
33%
Coupole hexagonale gyroallongée
33%
Rotonde décagonale gyroallongée
33%
Coupole décagonale gyroallongée
33%
Coupole octogonale gyroallongée
33%
Diamant pentagonal allongé
33%
Diamant carré allongé
33%
Pyramide pentagonale allongée
33%
Pyramide carrée allongée
33%
Pyramide triangulaire allongée
33%
Rotonde décagonale
33%
Pyramide carrée gyroallongée
33%
Pyramide pentagonale gyroallongée
33%
Diamant triangulaire allongé
33%
Diamant pentagonal
33%
Diamant triangulaire
33%
Gyrobiprisme triangulaire
33%
Orthobicoupole hexagonale
33%
Orthobirotonde décagonale allongée
33%
Gyrocoupole-rotonde décagonale allongée
33%
Orthocoupole-rotonde décagonale allongée
33%
Gyrobicoupole décagonale allongée
33%
Gyrobirotonde décagonale allongée
33%
Bicoupole hexagonale gyroallongée
33%
Birotonde décagonale gyroallongée
33%
Coupole-rotonde décagonale gyroallongée
33%
Bicoupole octogonale gyroallongée
33%
Orthobicoupole décagonale allongée
33%
Gyrobicoupole octogonale allongée
33%
Gyrobicoupole décagonale
33%
Orthobicoupole décagonale
33%
Gyrobicoupole octogonale
33%
Orthobicoupole octogonale
33%
Orthocoupole-rotonde décagonale
33%
Gyrocoupole-rotonde décagonale
33%
Gyrobicoupole hexagonale allongée
33%
Orthobicoupole hexagonale allongée
33%
Orthobirotonde décagonale
33%
Prisme triangulaire augmenté
33%

Distribution des résultats

Percentile by Number Answered

% des personnes avec chaque résultat

Votre développement - résultats

Vous n’avez pas pris ce quiz